000 00419cam a2200169 4500
001 D8889
008 090401t1984 xxu||||| |||| 00| 0 eng d
035 _a(Sirsi) u15998
041 _aeng
050 _a692.3
245 _aSpecification 85: building methods and products. Volume 1
260 _aLondon
_bArchitectural Press
_c1984
300 _a6v. illus. 30cm
350 _a57
942 _n0
948 _c04/03/1997
999 _c87338
_d87338